000 01347nam a2200373 i 4500
001 8926
003 KOSZ 005
005 20200709140438.0
008 070620s1970 pl a f |000 0 pol
015 _aPB 1970/6420
035 _a(OCoLC)839103347
040 _aWA N
_cWA N
_dKOSZ 005/EG
_dKOSZ 005/HR
041 _apol
046 _k1970
080 _a621.01
080 _a531/532
080 _a(076)
100 1 _aSiuta, Władysław.
_eAutor
245 1 0 _aZbiór zadań z mechaniki technicznej /
_cWładysław Siuta, Stanisław Rososiński.
250 _aWyd. 13 zm.
260 _aWarszawa :
_bPaństwowe Wydawnictwo Szkolnictwa Zawodowego,
_c1970.
300 _a150, [1] s. :
_bil. ;
_c23 cm.
380 _aKsiążki.
388 _a1901-2000
500 _aWyd. poprz. pod tyt.: Zbiór zadań z mechaniki technicznej. Cz. 1: Siuta W., cz. 2: Rososiński S.
521 8 _aKsiążka pomocn. dla kl. 3 techników.
658 _aInżynieria i technika
650 4 _aMechanika stosowana
655 4 _aĆwiczenia i zadania dla szkół zawodowych
700 1 _aRososiński, Stanisław.
_eAutor.
710 2 _aPaństwowe Wydawnictwo Szkolnictwa Zawodowego
_4pbl.
856 _uhttp://koha.tu.koszalin.pl/cgi-bin/koha/opac-detail.pl?biblionumber=8926
_yKatalog online BPK
942 _2UKD
_cKS
999 _c8926
_d8926